LEADER 01350nam a2200241 i 4500 001 000000174813 003 CaOOAMICUS 005 20090114000000.0 008 090114s1997 it u000 u ita u 013 $a152289 040 $aSeMil$bita 245 13$aIl Crocifisso di Ariberto :$bun mistero millenario intorno al simbolo della cristianità /$cA cura di Ernesto Brivio ; testi di Annamaria Ambrosioni ... [et al.]. 260 $aCinisello Balsamo :$bSilvana Editoriale,$ccopyr. 1997. 300 $a223 p. :$briccamente ill. ;$c28 cm. 500 $aContiene : Bibliografia. - Catalogo della Mostra tenuta a Milano, Museo del Duomo, 4 novembre 1997-25 gennaio 1998. - Dono di don Romano Martinelli. 650 4$aCrocifisso di Ariberto da Intimiano - Restauro - Esposizioni - 1997-1998.$0(OLS)http://semarc/subject/33326 700 1 $aAmbrosioni, Annamaria,$d<1944-2002>.$0(OLS)http://semarc/name/19002 700 1 $aBrivio, Ernesto.$0(OLS)http://semarc/name/7605 850 $aSeMil 852 $aSeMil$W1$xVenegono$y1$m5S XVI 2$j125641$B125641$CSeMilBibl$Z2$F138470 $81 961 $aOmaggio: Martinelli don Romano 996 $6245$aIl Crocifisso di Ariberto :$bun mistero millenario intorno al simbolo della cristianità$9(OLS)http://semarc/title/250615 996 $6260$aCinisello Balsamo :$bSilvana Editoriale$9(OLS)http://semarc/publisher/34608 LEADER 01119nam a2200241 i 4500 001 000000062838 003 CaOOAMICUS 005 20120515000000.0 008 120515s1983 it u000 u ita u 013 $a34010 040 $aSeMil$bita 100 1 $aNicolaus : Damascenus <64 a.C.-4 a.C.>.$0(OLS)http://semarc/name/31783 245 10$aVita di Augusto /$cNicolao di Damasco ; introduzione, traduzione italiana e commento storico a cura di Barbara Scardigli ; in collaborazione con Paola Delbianco. 260 $aFirenze :$bNardini,$c1983. 300 $a276 p. ;$c24 cm. 600 04$aAugusto, Caio Giulio Cesare Ottaviano .$0(OLS)http://semarc/subject/6810 700 1 $aDelbianco, Paola.$0(OLS)http://semarc/name/31785 700 1 $aScardigli, Barbara,$d<1936- >.$0(OLS)http://semarc/name/31784 850 $aSeMil 852 $aSeMil$W1$xVenegono$y1$m3S V 246$j28991$B28991$CSeMilBibl$Z2$F28994 $81 961 $aOmaggio: Fossa Giuliano 996 $6245$aVita di Augusto$9(OLS)http://semarc/title/98999 996 $6260$aFirenze :$bNardini$9(OLS)http://semarc/publisher/31399